00918nam a22002532i 450000100060000000300080000600500170001400800410003102000160007203500200008804000270010804100080013508200230014310000300016624500970019626000320029330000280032550400510035365000500040470000330045494200120048799900170049995201480051623940BD-RjUL20211209001005.0140312s1975 enka b 001 0 eng d a0713429976  a(BD-RjUL) 24005 aDLCcDLCdBD-RjULbeng aeng a940.545bBEN 19751 aBennett, Geoffrey 97371410aNaval battles of World War II /cGeoffrey Bennett ; with a foreword by Admiral Arleigh Burke aLondon :bBatsford,c1975. a253 p. :bill. ;c23 cm aIncludes bibliographical references and index. 0aWorld War, 1939-1945xNaval operations973715 aAdmiral Arleigh Burke973716 2ddccBK c23940d23940 00102ddc40708NFICaRUCLbRUCLcStackd1976-12-18eW.Helfers and Song0.00l0o940.545 BEN 1975r2014-03-12 00:00:00tC-2w2014-03-12yBK